000 01135pam a2200325 a 4500
001 2578068
003 OSt
005 20150527175140.0
008 960314s1996 couab b 001 0 eng
010 _a 96007581
020 _a1555875475 (alk. paper)
040 _aDLC
_cDLC
_dDLC
043 _af------
050 0 0 _aDT30.5
_b.U536 1996
082 0 0 _a960.3 UND 1996
_220
245 0 0 _aUnderstanding contemporary Africa /
_cedited by April A. Gordon & Donald L. Gordon.
250 _a2nd ed.
260 _aBoulder :
_bL. Rienner Publishers,
_c1996.
300 _axiv, 432 p. :
_bill., maps ;
_c23 cm.
490 1 _aUnderstanding
504 _aIncludes bibliographical references and index.
651 0 _aAfrica
_xPolitics and government
_y1960-
_91127
651 0 _aAfrica
_xSocial conditions
_y1960-
_94999
700 1 _aGordon, April A.
_95031
700 1 _aGordon, Donald L.
_95032
830 0 _aUnderstanding (Boulder, Colo.)
_95033
906 _a7
_bcbc
_corignew
_d1
_eocip
_f19
_gy-gencatlg
942 _2z
_cSLOAN
999 _c1913
_d1913